00362nam a2200121Ia 4500008004100000245005100041260004500092260000900137300000900146500000900155650001300164856006300177170516s9999 xx 000 0 und d aPEGylation in anti-cancer therapy: An overview bAsian Journal of Pharmaceutical Sciences c2016 a11:3 aJune xPharmacy uhttp://www.sciencedirect.com/science/journal/18180876/11/3